000 00314nam a22001457a 4500
008 180814b xxu||||| |||| 00| 0 eng d
020 _a9780130879028
041 _aeng
080 _28th
_a658
082 _a658
100 _a53
101 _aMEN
245 _aStrategic Management
_cDavid,F.R
942 _2udc
_cBK
999 _c47162
_d47162